| 000 | 01035cam a22003377a 4500 | ||
|---|---|---|---|
| 003 | CHAP | ||
| 005 | 20220329140050.0 | ||
| 008 | 971013c19831951 r 00010 d | ||
| 010 | _a46439 | ||
| 011 | _a47411 | ||
| 035 | _a51553 | ||
| 040 | _cCHAP | ||
| 082 |
_a131.34 _bT4Y |
||
| 100 | 0 | 0 |
_aThompson, Clara. _9112886 |
| 245 | 1 | 3 | _aEl psicoanálisis |
| 260 |
_aMéxico, D.F. : _bF.C.E., _c1983 (c.1951) |
||
| 300 | _a268 p. | ||
| 490 | 0 |
_aBreviarios _v; 47 |
|
| 590 |
_aBATCH-UPD _b10 _c20130110 _lUCH01 _h0941 |
||
| 590 |
_aBATCH-UPD _b10 _c20130410 _lUCH01 _h0557 |
||
| 590 |
_aBATCH-UPD _b10 _c20130914 _lUCH01 _h0748 |
||
| 590 |
_aCONVERSION _b10 _c20130109 _lUCH01 _h1325 |
||
| 650 | 1 | 4 |
_aPsicoanálisis. _992594 |
| 650 | 1 | 4 |
_aPsicología. _992597 |
| 700 | 0 |
_aMullaphy, Patrick. _979422 |
|
| 830 | 0 |
_aBreviarios _v; 47 _915273 |
|
| 901 | _aBK | ||
| 942 | _cLIBRO | ||
| 949 |
_a131.34 T4Y _bBC _cLIBRO _d33724002021040 _eLIBRO _fc.2 _gI.c/e _h64242 _i51553 _si |
||
| 949 |
_a131.34 T4Y _bBC _cLIBRO _dD_16B25 _eLIBRO _gI.c/e _h64241 _i51553 _si |
||
| 999 |
_c46439 _d46439 |
||